R-физика. Т. 1: Естественно-научный проект (Запись № 11464308)

Подробности
000 -МАРКЕР
контрольное поле 01558nam2a2200277 4500
001 - ИДЕНТИФИКАТОР ЗАПИСИ
контрольное поле RU\NLR\BIBL_A\012013993
005 - ИДЕНТИФИКАТОР ВЕРСИИ
контрольное поле 20230705143007.0
010 ## - МЕЖДУНАРОДНЫЙ СТАНДАРТНЫЙ НОМЕР КНИГИ (ISBN)
Номер (ISBN) 978-5-9710-6193-9
021 ## - НОМЕР ГОСУДАРСТВЕННОЙ РЕГИСТРАЦИИ
Код страны Российская Федерация
Номер КН-П-19-028762
Номер Листа государственной регистраци КН-П-19-2166
035 ## - ДРУГИЕ СИСТЕМНЫЕ НОМЕРА
Идентификатор записи (NLR Aleph) 012013993
100 ## - ДАННЫЕ ОБЩЕЙ ОБРАБОТКИ
Данные общей обработки 20190517d2019 u y0rusy50 ca
101 0# - ЯЗЫК РЕСУРСА
Язык текста, звукозаписи и т.д. русский
102 ## - СТРАНА ПУБЛИКАЦИИ ИЛИ ПРОИЗВОДСТВА
Страна публикации Российская Федерация
105 ## - ПОЛЕ КОДИРОВАННЫХ ДАННЫХ: ТЕКСТОВЫЕ МАТЕРИАЛЫ, МОНОГРАФИЧЕСКИЕ
Кодированные данные о монографическом текстовом документе ac z 000zy
200 1# - ЗАГЛАВИЕ И СВЕДЕНИЯ ОБ ОТВЕТСТВЕННОСТИ
Основное заглавие Естественно-научный проект
210 ## - ПУБЛИКАЦИЯ, РАСПРОСТРАНЕНИЕ И ДР.
Дата издания, распространения и т.д. 2019
215 ## - ФИЗИЧЕСКАЯ ХАРАКТЕРИСТИКА
Специфическое обозначение материала и объем 549 с.
Другие сведения о физической характеристике ил., портр., табл.
320 ## - ПРИМЕЧАНИЯ О НАЛИЧИИ В ДОКУМЕНТЕ БИБЛИОГРАФИИ / УКАЗАТЕЛЯ
Текст примечания Библиогр. в подстроч. примеч.
461 #0 - УРОВЕНЬ НАБОРА
Встроенное поле 001RU\NLR\BIBL_A\012010983
-- 2001#$aR-физика$eпроект физики неорганической и органической природы ("большой физики") на основе релятивистской теории количества$fВ.И. Моисеев$vТ. 1
-- 700#1$aМоисеев$bВ. И.$cд-р филос. наук$f1965-$gВячеслав Иванович$3RU\NLR\AUTH\7792323
Системный номер (АБИС) связанной записи 11451031
Автор Моисеев, В. И. (д-р филос. наук ; 1965-)
Место публикации Москва
Дата публикации 2019
Первые сведения об ответственности В.И. Моисеев
Имя издателя, распространителя и т.д. URSS
Сведения, относящиеся к заглавию проект физики неорганической и органической природы ("большой физики") на основе релятивистской теории количества
Заглавие R-физика
Номер тома Т. 1
852 ## - МЕСТОНАХОЖДЕНИЕ И ШИФР ХРАНЕНИЯ
Идентификатор организации NLR
Шифр хранения (Call Number) 2019-5/3314
942 ## - ДОПОЛНИТЕЛЬНЫЕ ЭЛЕМЕНТЫ ЗАПИСИ (АБИС)
Тип экземпляра АБИС Книга
980 ## - КОЛЛЕКЦИЯ
Название коллекции НБР
980 ## - КОЛЛЕКЦИЯ
Название коллекции Национальная библиография

Нет доступных экземпляров.